000 00946nam0a2200289 i 4500
001 RU\NLR\BIBL_A\010724597
005 20241101010444.0
010 _a9785227058355
_9100000
021 _aRU
_b2015-12574
_9761
035 _a(NLR Aleph) 010724597
090 _a9838097
_c9838097
100 _a20150410d2015 m y0rusy50 ca
101 1 _arus
_ceng
102 _aRU
105 _ay z 000ay
200 1 _aНа вершине мира
_eроман
_fКейт Уокер
_g[пер. с англ. Т.П. Гутиеррес]
_gАрлекин
210 _aМосква
_cЦентрполиграф
_d2015
215 _a157, [1] с.
_d17
225 1 _aЛюбовный роман
_v0503
333 _a16+
686 1 _aШ6(4Вл)67-440.4{Лх1299-50}
700 1 _7ca
_8rus
_aУокер
_bК.
_f1950-
_gКейт
_9148387
_3RU\NLR\AUTH\770148423
942 _cBOOK
980 _aNBR